Catálogo
 En Linea

Ley de presupuesto general del Estado 2015 : (Registro nro. 46293)

Detalles MARC
000 -CABECERA
campo de control de longitud fija 01230nam a2200253 a 4500
001 - NÚMERO DE CONTROL
campo de control 000046804
003 - IDENTIFICADOR DEL NÚMERO DE CONTROL
campo de control DO-SdBNP
005 - FECHA Y HORA DE LA ÚLTIMA TRANSACCIÓN
campo de control 20230215095022.0
007 - CAMPO FIJO DE DESCRIPCIÓN FÍSICA--INFORMACIÓN GENERAL
campo de control de longitud fija ta
008 - DATOS DE LONGITUD FIJA--INFORMACIÓN GENERAL
campo de control de longitud fija 180327s2015 dr 000 0 spa d
040 ## - FUENTE DE LA CATALOGACIÓN
Centro catalogador/agencia de origen DO-SdBNP
Lengua de catalogación spa
Centro/agencia transcriptor BNPHU
082 #4 - NÚMERO DE LA CLASIFICACIÓN DECIMAL DEWEY
Número de clasificación 343.034
Número de documento/Ítem R426L, 2015
Número de edición 22
110 1# - ENTRADA PRINCIPAL--NOMBRE DE ENTIDAD CORPORATIVA
Nombre de entidad corporativa o nombre de jurisdicción como elemento de entrada República Dominicana [Leyes, etc.]
9 (RLIN) 11088
245 10 - MENCIÓN DE TÍTULO
Título Ley de presupuesto general del Estado 2015 :
Resto del título no. 527-14
260 ## - PUBLICACIÓN, DISTRIBUCIÓN, ETC.
Lugar de publicación, distribución, etc. Santo Domingo :
Nombre del editor, distribuidor, etc. Ministerio de Hacienda,
Fecha de publicación, distribución, etc. 2015.
300 ## - DESCRIPCIÓN FÍSICA
Extensión v. ;
Dimensiones 28 cm.
505 2# - NOTA DE CONTENIDO CON FORMATO
Nota de contenido con formato v.1. Primera parte --
Título Ley de presupuesto general del Estado 2015 --
-- Informe explicativo y política presupuestaría 2015 --
Información miscelánea Segunda parte --
Título Anexos de la ley --
Información miscelánea Tercera parte --
Título Distribución institucional de los gastos apropiados --
-- Poder Legislativo --
-- Poder Ejecutivo --
-- Poder Judicial --
-- Organisms especiales --
-- Catergorías institucionales --
590 ## - NOTA LOCAL (RLIN)
Nota local Inventariado, 2018 /VM
650 #4 - PUNTO DE ACCESO ADICIONAL DE MATERIA--TÉRMINO DE MATERIA
Término de materia o nombre geográfico como elemento de entrada Presupuesto
Subdivisión general Legislación
Subdivisión geográfica República Dominicana
9 (RLIN) 7940
Subdivisión cronológica 2015
650 #4 - PUNTO DE ACCESO ADICIONAL DE MATERIA--TÉRMINO DE MATERIA
Término de materia o nombre geográfico como elemento de entrada Hacienda pública
Subdivisión general Legislación
Subdivisión geográfica República Dominicana
9 (RLIN) 6562
Subdivisión cronológica 2015
650 #4 - PUNTO DE ACCESO ADICIONAL DE MATERIA--TÉRMINO DE MATERIA
Término de materia o nombre geográfico como elemento de entrada Gastos públicos
Subdivisión general Legislación
Subdivisión geográfica República Dominicana
Subdivisión cronológica 2015
9 (RLIN) 83120
910 ## - DATOS DE OPCIÓN DEL USUARIO (OCLC)
Datos de opción del usuario Validado. Control de calidad MFF
942 ## - ELEMENTOS DE PUNTO DE ACCESO ADICIONAL (KOHA)
Fuente del sistema de clasificación o colocación Dewey Decimal Classification
Tipo de ítem Koha Libro
Existencias
Estado de retiro Estado de pérdida Fuente del sistema de clasificación o colocación Restricciones de uso No para préstamo Código de colección Localización permanente Ubicación/localización actual Ubicación en estantería Fecha de adquisición Número de inventario Signatura topográfica completa Código de barras Fecha visto por última vez Número de copia Precio válido a partir de Tipo de ítem Koha
    Dewey Decimal Classification Préstamo en sala   Dominicana Folletos Biblioteca Nacional Pedro Henríquez Ureña Biblioteca Nacional Pedro Henríquez Ureña Depósito 27.03.2018 LF1 BNPHU DS 343.034 R426L 2015 46804-30 25.06.2020 e.3 25.06.2020 Libro
    Dewey Decimal Classification Excluido de préstamo   Patrimonio Dominicano Biblioteca Nacional Pedro Henríquez Ureña Biblioteca Nacional Pedro Henríquez Ureña Depósito 27.03.2018 LF1 BNPHU PD 343.034 R426L 2015 46804-10 25.06.2020   25.06.2020 Libro
    Dewey Decimal Classification Excluido de préstamo   Patrimonio Dominicano Biblioteca Nacional Pedro Henríquez Ureña Biblioteca Nacional Pedro Henríquez Ureña Depósito 27.03.2018 LF1 BNPHU PD 343.034 R426L 2015 46804-20 25.06.2020 e. 2 25.06.2020 Libro

Con tecnología Koha